The Theory and practice of school consultation /

Bibliographic Details
Other Authors: Curtis, Michael J., Zins, Joseph E.
Format: Book
Language:English
Published: Springfield, Ill. : Thomas, [1981]
Subjects:

MARC

Tag First Indicator Second Indicator Subfields
LEADER 00000pam a2200000 a 4500
001 in00000086428
005 20151008064508.0
008 801015s1981 ilua b 00100 engm
010 |a  80025791  
020 |a 0398041717 
035 |a (OCoLC)06915931 
035 |9 AAK4283AM 
040 |a DLC  |c DLC  |d m.c.  |d TXA  |d UtOrBLW 
049 |a TXAM  |c [1196375] 
050 0 0 |a RC455.2.C65  |b T47 
060 0 |a WA352 T396 
082 0 |a 618.92/8914  |2 19 
245 0 4 |a The Theory and practice of school consultation /  |c edited by Michael J. Curtis and Joseph E. Zins. 
264 1 |a Springfield, Ill. :  |b Thomas,  |c [1981] 
264 4 |c ©1981 
300 |a xix, 361 pages :  |b illustrations ;  |c 24 cm. 
336 |a text  |b txt  |2 rdacontent 
337 |a unmediated  |b n  |2 rdamedia 
338 |a volume  |b nc  |2 rdacarrier 
504 |a Includes bibliographies and indexes. 
650 0 |a Psychiatric consultation. 
650 0 |a Student counselors. 
650 2 |a Referral and Consultation. 
650 2 |a School Health Services. 
650 2 |a Mental Health Services  |x In infancy and childhood. 
700 1 |a Curtis, Michael J. 
700 1 |a Zins, Joseph E. 
999 |a MARS 
999 f f |s 121f68de-9ad3-3330-ac75-31701ad20474  |i 3319f156-db0c-3f21-b304-2b54fb400bf7  |t 0 
952 f f |p ric  |a Texas A&M University  |b Rellis Campus  |c Joint Library Facility  |d Remote Storage  |t 0  |e RC455.2.C65 T47  |h Library of Congress classification  |i unmediated -- volume  |m A14841620832 
998 f f |a RC455.2.C65 T47  |t 0  |l Remote Storage